000 00292nam a22001337a 4500
008 181029b xxu||||| |||| 00| 0 eng d
020 _a2740218195638
041 _aeng
080 _230 ed
_a616
100 _a9
101 _afiz
245 _aHuman Physiology
_cEric.P.W
942 _2udc
_cBK
999 _c50982
_d50982